Colbert és Adam Smith között
Elmentve itt :
| Szerző: | |
|---|---|
| További közreműködők: | |
| Adatforrás: | Philobibl |
| Forrásdokumentuma: | Holmi 13.2001:9. p. 1208-1215. |
| Dokumentumtípus: | Cikk |
| Nyelv: | magyar |
| Kulcsszavak: | politikaelmélet nacionalizmus demokrácia liberalizmus etatizmus |
| Online elérés: | szabadon hozzáférhető |
| LEADER | 00612nab a2200181 c 4500 | ||
|---|---|---|---|
| 001 | bibPHI0044186 | ||
| 005 | 20240910142809.1 | ||
| 008 | 130212s2001 hu hun | ||
| 100 | 1 | |a Jászay Antal | |
| 245 | 1 | 0 | |a Colbert és Adam Smith között |c Jászay Antal ; [ford. M. Nagy Miklós] |
| 695 | |a politikaelmélet | ||
| 695 | |a nacionalizmus | ||
| 695 | |a demokrácia | ||
| 695 | |a liberalizmus | ||
| 695 | |a etatizmus | ||
| 700 | 1 | |a Nagy Miklós, M. | |
| 773 | 0 | |t Holmi |g 13.2001:9. p. 1208-1215. | |
| 856 | 4 | 1 | |3 Full text |u https://epa.oszk.hu/01000/01050/00252/pdf/EPA01050_holmi_2001_09_1208-1215.pdf |z szabadon hozzáférhető |